| 000 | 00633cab a2200193 4500 | ||
|---|---|---|---|
| 001 | WB2411-35 | ||
| 008 | 090401t1988 xxu||||| |||| 00| 0 eng d | ||
| 035 | _a(Sirsi) u59352 | ||
| 041 | _aeng | ||
| 245 | _aMarried womans property rights | ||
| 260 | _c1988 | ||
| 350 | _a0 | ||
| 490 |
_aChartered Surveyor Weekly _vvol 22 no 10 10/3/88, p75 |
||
| 520 | _aIn Mossop v Mossop, CA 24 February 1988, it was held that the position of an engaged couple in relation to property was not the same as that of husband and wife. | ||
| 650 | _aJOINT OWNERSHIP | ||
| 690 | _aPROPERTY LAW AND PRACTICE | ||
| 942 | _n0 | ||
| 948 | _c04/03/1997 | ||
| 999 |
_c36415 _d36415 |
||